Statistics for Walking Across Borders with Hints #2

Click here to take the quiz!

General Stats

  • This quiz has been taken 21,766 times
  • The average score is 19 of 21

Answer Stats

HintAnswer% Correct
Shares the summit of Mt. Everest with the country belowNepal
98%
Where the Yellow River flowsChina
97%
Where Genghis Khan was bornMongolia
97%
Andersson is the most common family nameSweden
95%
Is connected to the above via the Øresund BridgeDenmark
94%
Birthplace of the famous mime Marcel MarceauFrance
94%
Lake Baikal is its largest lakeRussia
93%
Its flag is composed of a blue cross on a field of whiteFinland
93%
Was reunified in 1990Germany
93%
The largest country in Africa by land areaAlgeria
91%
European country with two small exclaves on the African continentSpain
91%
Where you'd find the city of FezMorocco
89%
Led by "colonel" Gaddafi until 2011Libya
89%
Official languages include Zulu, Xhosa, and AfrikaansSouth Africa
89%
The only country in Africa to be completely surrounded by anotherLesotho
86%
Has the highest average elevation of any European countryAndorra
84%
Its name describes its position at the center of the continentCentral African Republic
84%
Was formerly known as ZaireD.R. Congo
81%
Printed a $100 trillion bill in 2009Zimbabwe
76%
Named for a large, shallow, lake that is at risk of drying upChad
74%
The Zambezi River forms its southern borderZambia
74%

Score Distribution

Percentile by Number Answered

Percent of People with Each Score

Your Score History

You have not taken this quiz